Visualizzazione normale
Vista MARC
- Irlanda
di Geographic Name
Records bibliografici associati: 1
001 - CONTROL NUMBER
- control field: 14255
003 - CONTROL NUMBER IDENTIFIER
- control field: IT-RoINE
005 - DATE AND TIME OF LATEST TRANSACTION
- control field: 20141112160236.0
008 - FIXED-LENGTH DATA ELEMENTS
- fixed length control field: 141112|| aca||aabn | a|a d
040 ## - CATALOGING SOURCE
- Original cataloging agency: IT-RoINE
- Transcribing agency: IT-RoINE
151 ## - HEADING--GEOGRAPHIC NAME
- Geographic name: Irlanda
- General subdivision: Relaciones
- Geographic subdivision: España
- Chronological subdivision: Siglo 16o.
670 ## - SOURCE DATA FOUND
- Source citation: Work cat.: (IT-RoINE)0: García Hernán, Enrique, 7054 1964-, Irlanda y el rey prudente / , 2000.